000 01103cam a22002774a 4500
001 13085336
003 OSt
005 20250603155026.0
008 030206s2003 miu b 001 0 eng
010 _a 2003040099
020 _a0801026261 (pbk.)
040 _aDLC
_cDLC
_dDLC
042 _apcc
050 0 0 _aBV2073
_b.G54 2003
082 0 0 _a266
_221
100 1 _aGlasser, Arthur F.
_q(Arthur Frederick),
_d1914-
245 1 0 _aAnnouncing the kingdom :
_bthe story of God's mission in the Bible /
_cArthur F. Glasser with Charles E. Van Engen, Dean S. Gilliland, and Shawn B. Redford ; foreword by Paul G. Hiebert.
260 _aGrand Rapids, Mich. :
_bBaker Academic,
_cc2003.
300 _a400 p. ;
_c23 cm.
504 _aIncludes bibliographical references (p. 375-384) and indexes.
650 0 _aMissions
_xBiblical teaching.
700 1 _aEngen, Charles Edward van.
906 _a7
_bcbc
_corignew
_d1
_eocip
_f20
_gy-gencatlg
942 _2lcc
_cBK
_n0
999 _c6225
_d6225